000 00339nam a2200133Ia 4500
005 20260328101524.0
008 260328s9999||||xx |||||||||||||| ||und||
100 _aBloomberg, Warner
245 0 _aPower, poverty and Urban policy /
_cWarner Bloomberg
260 _bSage Publications
300 _a604 p.
650 _aURBANISMO
942 _cBK
999 _c9710
_d9710